000 00353cam a2200145ua 4500
041 _aeng
_h
082 _a200.1
_bBER/RE
100 _aBerry, Gerald .L .
245 _aReligions of the world /
_cL.Gerald Berry.
_hTextual Documents
260 _a :
_bBasnes and noble ,
_c1960.
300 _a136 ; .
504 _a
942 _cBK
999 _c2036
_d2036